000 00917cad a22001935a 4500
001 L139953
008 070822s2006 xxk f 000 0 eng d
035 _a(Sirsi) u139953
041 0 _aeng
050 0 4 _a690.2 $2 18
110 2 _aRoyal Institution of Chartered Surveyors
_bBuilding Surveying Faculty
_94830
245 0 4 _aThe chartered building surveyor
_ban international perspective
_h[electronic resource]
260 _aLondon
_bRICS
_c2006
520 _aThis short leaflet highlights global work opportunities for chartered building surveyors. Outlines what kind of work chartered building surveyors can expect to find in Europe, Asia, Oceania and the Americas.
651 4 _aInternational
690 _aBUILT ENVIRONMENT-BUILDING SURVEYING-BUILDING SURVEYORS
856 4 0 _uhttps://www.rics.org/site/scripts/download_info.aspx?downloadID=819
_zView the leaflet free of charge at www.rics.org...
942 _n0
999 _c107383
_d107383